Eurovision 2019 - Statistics

General Stats
  • This quiz has been taken 11 times
  • The average score is 53 of 164
Answer Stats
Hint Answer % Correct
1 Netherlands
100%
6 Norway
100%
5 Sweden
100%
Arcade
88%
2 Italy
88%
3 Russia
88%
4 Switzerland
88%
Duncan Laurence
75%
10 Iceland
75%
KEiiNO
75%
Mahmood
75%
17 Albania
63%
9 Australia
63%
8 Azerbaijan
63%
13 Cyprus
63%
12 Denmark
63%
16 France
63%
14 Malta
63%
7 North Macedonia
63%
Scream
63%
She Got Me
63%
15 Slovenia
63%
Soldi
63%
Spirit In The Sky
63%
24 Belarus
50%
Bilal Hassani
50%
Chameleon
50%
11 Czech Republic
50%
25 Germany
50%
21 Greece
50%
Hatari
50%
John Lundvik
50%
Luca Hänni
50%
Proud
50%
Replay
50%
Roi
50%
18 Serbia
50%
Sergey Lazarev
50%
22 Spain
50%
Tamta
50%
Too Late For Love
50%
26 United Kingdom
50%
105
38%
11
38%
24
38%
31
38%
20 Estonia
38%
Hatrið mun sigra
38%
23 Israel
38%
Kruna
38%
Lake Malawi
38%
La Venda
38%
Leonora
38%
Like It
38%
Love Is Forever
38%
Michela
38%
Nevena Božović
38%
Sister
38%
Tamara Todevska
38%
Truth
38%
Zero Gravity
38%
105
25%
107
25%
109
25%
120
25%
120
25%
157
25%
232
25%
284
25%
302
25%
305
25%
331
25%
334
25%
35
25%
364
25%
370
25%
472
25%
498
25%
54
25%
74
25%
76
25%
77
25%
89
25%
90
25%
Better Love
25%
Bigger Than Us
25%
Chingiz
25%
Conan Osíris
25%
Friend Of A Friend
25%
Home
25%
Jonida Maliqi
25%
Kate Miller-Heidke
25%
Katerine Duska
25%
Kobi Marimi
25%
Ktheju Tokës
25%
Michael Rice
25%
Miki
25%
Pali się
25%
27 Poland
25%
35 Portugal
25%
19 San Marino
25%
Say Na Na Na
25%
Sebi
25%
Serhat
25%
S!sters
25%
Storm
25%
Telemóveis
25%
Tulia
25%
Victor Crone
25%
Zala Kralj & Gašper Šantl
25%
Zena
25%
16
13%
21
13%
22
13%
23
13%
46
13%
49
13%
50
13%
51
13%
62
13%
64
13%
70
13%
71
13%
85
13%
93
13%
97
13%
Anna Odobescu
13%
37 Armenia
13%
40 Austria
13%
Az én apám
13%
31 Belgium
13%
Carousel
13%
34 Croatia
13%
Darude / Sebastian Rejman
13%
D mol
13%
Eliot
13%
Ester Peony
13%
39 Finland
13%
33 Georgia
13%
Heaven
13%
28 Hungary
13%
41 Ireland
13%
Joci Pápai
13%
Jurij Veklenko
13%
Keep On Going
13%
36 Latvia
13%
Limits
13%
29 Lithuania
13%
Look Away
13%
30 Moldova
13%
38 Montenegro
13%
On A Sunday
13%
Oto Nemsadze
13%
Pænda
13%
Roko
13%
32 Romania
13%
Run With The Lions
13%
Sarah McTernan
13%
Srbuk
13%
Stay
13%
That Night
13%
The Dream
13%
Wake Up
13%
Walking Out
13%
No matching quizzes found
Score Distribution
Percent of People with Each Score
Percentile by Number Answered
Your Score History
You have not taken this quiz